[Event "GER Seniors Derby 14th"]
[Site "Wesel Undeloh"]
[Date "2015.04.18"]
[Round "8"]
[White "Schaub, Karl Heinz"]
[Black "Kaiser, Guenter1111"]
[Result "0-1"]
[WhiteElo "1394"]
[BlackElo "1643"]
[PlyCount "78"]
[EventDate "2015.04.15"]
[EventType "swiss"]
[EventRounds "9"]
[EventCountry "GER"]
[SourceTitle "EXT 2018"]
[Source "ChessBase"]
[SourceDate "2017.10.13"]
[SourceVersion "1"]
[SourceVersionDate "2017.10.13"]
[SourceQuality "1"]

1. d4 d5 2. Nf3 Nf6 3. Bf4 c6 4. e3 Bf5 5. h3 h6 6. g4 Bh7 7. c4 e6 8. g5 hxg5 9. Nxg5 Bf5 10. Bd3 Ne4 11. Bxe4 dxe4 12. Nc3 Bb4 13. Qc2 Qa5 14. Ke2 Bxc3 15. bxc3 Nd7 16. Rab1 b6 17. Rb4 Qa6 18. Ra4 Qb7 19. h4 Nf6 20. Rb4 Qa6 21. Ra4 Qb7 22. Qb3 Qe7 23. Ra6 Ng4 24. Bg3 e5 25. c5 Qb7 26. Ra3 b5 27. dxe5 0-0 28. e6 fxe6 29. c4 a6 30. cxb5 Qxb5+ 31. Qxb5 axb5 32. Rxa8 Rxa8 33. Ra1 Nf6 34. Be5 Nd5 35. f3 exf3+ 36. Kxf3 Nb4 37. e4 Bg6 38. Nxe6 Rxa2 39. Rxa2 Nxa2 0-1

[Event "GER Seniors Derby 14th"]
[Site "Wesel Undeloh"]
[Date "2015.04.16"]
[Round "4"]
[White "Weber, Eberhard"]
[Black "Schaub, Karl Heinz"]
[Result "1-0"]
[WhiteElo "1393"]
[BlackElo "1394"]
[PlyCount "127"]
[EventDate "2015.04.15"]
[EventType "swiss"]
[EventRounds "9"]
[EventCountry "GER"]
[SourceTitle "EXT 2018"]
[Source "ChessBase"]
[SourceDate "2017.10.13"]
[SourceVersion "1"]
[SourceVersionDate "2017.10.13"]
[SourceQuality "1"]

1. d4 d5 2. Bf4 Nf6 3. e3 Nh5 4. Bg5 g6 5. Be2 Nc6 6. Bxh5 gxh5 7. Qxh5 Nb4 8. Na3 Bf5 9. Bxe7 Bg6 10. Bxd8 Bxh5 11. Bh4 a6 12. Nf3 Bxf3 13. gxf3 Rg8 14. Ke2 Kd7 15. c3 Nc6 16. Rag1 Be7 17. Bxe7 Nxe7 18. Rxg8 Rxg8 19. Kf1 Nf5 20. Rg1 Re8 21. Rg4 Re6 22. Rg5 Rf6 23. f4 h6 24. Rg4 Rb6 25. b3 a5 26. c4 dxc4 27. Nxc4 Ra6 28. Ke2 b5 29. Ne5+ Ke7 30. a3 Re6 31. Rg1 f6 32. Nf3 Rc6 33. Kd2 Kd7 34. Rc1 Rd6 35. Rc5 Ne7 36. Rxb5 Ra6 37. Rh5 f5 38. Rh3 Rb6 39. Ne5+ Kc8 40. Kc2 Nd5 41. Rg3 Nf6 42. Rg6 h5 43. Rg5 Ne4 44. Rxf5 Nxf2 45. Rxh5 a4 46. b4 Re6 47. Rg5 Rh6 48. Rg2 Ne4 49. Ng4 Rc6+ 50. Kd3 Nd6 51. Ne5 Rc1 52. h4 Rd1+ 53. Kc2 Rh1 54. Rg4 Rh3 55. Kd3 Nf5 56. Nc4 Nxh4 57. Rg8+ Kb7 58. Rh8 Rh1 59. Ke4 Kc6 60. f5 Kb5 61. Ne5 Rh2 62. f6 c5 63. f7 Rf2 64. Rxh4 1-0